000 00465nam a2200169Ia 4500
008 151018s9999 xx 000 0 und d
082 _bRBASDV24608
_a891.433
100 _aराणू
245 _aप्यासे रस्ते
260 _bडायमंड
300 _a144
600 _aराणू
630 _aप्यासे रस्ते
700 _aराणू
730 _aप्यासे रस्ते
942 _cBOOK
999 _c1024251
_d1024248